00426nam a2200157Ia 450000500170000000800410001702000150005805000260007310000210009924500430012026000350016330000490019844000060024752100070025352600080026020140311163144.0140130s9999 xx 000 0 und d a0590528351 aGV 939b..Es74A3 1995 aEsiason, Boomer  cEsiason, BoomeraA boy named boomer / bScholastic,c1995.aNew York : a1 v. (unpaged) :bill. (some col.) ;c23 cm. v1 aG2 c430